| 000 | 00912nam a2200289 a 4500 | ||
|---|---|---|---|
| 001 | 61276 | ||
| 003 | BD-RjUL | ||
| 005 | 20211209080937.0 | ||
| 008 | 170116s enka b 001 0 eng | ||
| 020 | _a0070505276 | ||
| 035 | _a(BD-RjUL)61400 | ||
| 040 |
_aDLC _cDLC _dBD-RjUL _beng |
||
| 041 | _aeng | ||
| 082 | 0 | 0 |
_a658.4 _223 _bPOB 1975 |
| 100 | 1 |
_aPorter, Lyman W. _9182760 |
|
| 245 | 1 | 0 |
_aBehavior in organizations / _c[by] Lyman W. Porter, Edward E. Lawler, III [and] J. Richard Hackman. |
| 260 |
_aNew York : _bMcGraw-Hill, _cc1975 |
||
| 300 |
_axiv, 561 p. : _bill. ; _c24 cm. |
||
| 490 | 0 | _aMcGraw-Hill series in psychology | |
| 500 | _aInclude index | ||
| 650 | 0 |
_aOrganizational behavior. _9170696 |
|
| 650 | 0 |
_aManagement. _9172842 |
|
| 700 | 1 |
_aLawler, Edward E., _ejoint author. _9182761 |
|
| 700 | 1 |
_aHackman, J. Richard, _ejoint author. _9182762 |
|
| 942 |
_2ddc _cBK |
||
| 999 |
_c61276 _d61276 |
||